MARC details
| 000 -CABECERA |
| campo de control de longitud fija |
01152nam a2200253 a 4500 |
| 001 - NÚMERO DE CONTROL |
| campo de control |
000022221 |
| 003 - IDENTIFICADOR DEL NÚMERO DE CONTROL |
| campo de control |
DO-SdBNP |
| 005 - FECHA Y HORA DE LA ÚLTIMA TRANSACCIÓN |
| campo de control |
20260305073956.0 |
| 007 - CAMPO FIJO DE DESCRIPCIÓN FÍSICA--INFORMACIÓN GENERAL |
| campo de control de longitud fija |
ta |
| 008 - DATOS DE LONGITUD FIJA--INFORMACIÓN GENERAL |
| campo de control de longitud fija |
100920s19961998dr ac 000 0 spa d |
| 020 ## - NÚMERO INTERNACIONAL ESTÁNDAR DEL LIBRO |
| Número Internacional Estándar del Libro |
8492311371 (v.2) |
| 040 ## - FUENTE DE LA CATALOGACIÓN |
| Centro catalogador/agencia de origen |
DO-SdBNP |
| Lengua de catalogación |
spa |
| Centro/agencia transcriptor |
BNPHU |
| 082 #4 - NÚMERO DE LA CLASIFICACIÓN DECIMAL DEWEY |
| Número de clasificación |
320.97293 |
| Número de documento/Ítem |
F363L |
| Número de edición |
22 |
| 100 1# - ENTRADA PRINCIPAL--NOMBRE DE PERSONA |
| Nombre de persona |
Fernández, Leonel, |
| Fechas asociadas al nombre |
1953- |
| 9 (RLIN) |
7291 |
| 245 10 - MENCIÓN DE TÍTULO |
| Título |
Leonel : |
| Resto del título |
temas de campaña / |
| Mención de responsabilidad, etc. |
recopilación Rafael núñez. |
| 260 ## - PUBLICACIÓN, DISTRIBUCIÓN, ETC. |
| Lugar de publicación, distribución, etc. |
Santo Domingo : |
| Nombre del editor, distribuidor, etc. |
Alfa y Omega, |
| Fecha de publicación, distribución, etc. |
1997 |
| 300 ## - DESCRIPCIÓN FÍSICA |
| Extensión |
2v. : |
| Otras características físicas |
il. ; |
| Dimensiones |
22 cm. |
| 505 0# - NOTA DE CONTENIDO CON FORMATO |
| Título |
Introcción -- |
| -- |
PLD, un partido diferente -- |
| -- |
Por el nuevo camino -- |
| -- |
Un proyecto de sociedad -- |
| -- |
El aliado del PRD -- |
| -- |
Reinventar el gobierno -- |
| -- |
Libertades Públicas y medios de comunicación-- |
| -- |
Con la prensa extrajera -- |
| -- |
Retos de un gobierno del PLD -- |
| -- |
Importancia del sector de la construcción -- |
| -- |
La exclusión de la mujer -- |
| -- |
No reduciremos las Fuerzas Armadas -- |
| -- |
Un nuevo paradigma. |
| 590 ## - NOTA LOCAL (RLIN) |
| Nota local |
Inventariado, 2018/ YL |
| 651 #4 - PUNTO DE ACCESO ADICIONAL DE MATERIA--NOMBRE GEOGRÁFICO |
| Nombre geográfico |
República Dominicana |
| Subdivisión general |
Política Y Gobierno |
| Subdivisión cronológica |
1961- |
| 9 (RLIN) |
204 |
| 700 12 - PUNTO DE ACCESO ADICIONAL--NOMBRE DE PERSONA |
| Nombre de persona |
Núñez, Rafael |
| 9 (RLIN) |
1366 |
| 910 ## - DATOS DE OPCIÓN DEL USUARIO (OCLC) |
| Datos de opción del usuario |
Validado. Control de calidad MFF |
| 942 ## - ELEMENTOS DE PUNTO DE ACCESO ADICIONAL (KOHA) |
| Fuente del sistema de clasificación o colocación |
Dewey Decimal Classification |
| Tipo de ítem Koha |
Libro |